Legado Juncadella
Publicado:
San Jorge, núm. 94 (2n, 3r i 4t trimestre 1974), pàg 90 :
MARC
| LEADER | 00000nam a2200000Ia 4500 | ||
|---|---|---|---|
| 001 | |||
| 008 | 160829s9999 xx 000 0 cat d | ||
| 245 | |a Legado Juncadella | ||
| 260 | |a San Jorge, núm. 94 (2n, 3r i 4t trimestre 1974), pàg 90 | ||
| 600 | 1 | 0 | |a Samaranch, Joan Antoni, |d 1920-2010 |9 34366 |
| 610 | 1 | 0 | |a Barcelona (Catalunya : Província). |b Diputació |9 52408 |
| 650 | |a Juncadella Vidal, Mercedes |x Donacions benèfiques |9 41546 | ||
| 901 | |a Arxiu | ||
| 942 | |n 1 | ||
| 952 | |0 0 |1 0 |4 0 |7 1 |9 50262 |a Arxiu |b Arxiu |d 2016-12-01 |l 0 |r 2016-12-01 00:00:00 |w 2016-12-01 |y ARXIU | ||
| 999 | |c 54104 |d 54104 | ||